Olive oil : from the tree to the table /
Guardado en:
| Autor Principal: | |
|---|---|
| Formato: | Libro |
| Idioma: | English |
| Publicado: |
Trumbull, Conn. :
Food & Nutrition Press,
c1998.
|
| Edición: | 2nd ed. |
| Materias: | |
| Etiquetas: |
Agregar Etiqueta
Sin Etiquetas, Sea el primero en etiquetar este registro!
|
| LEADER | 00862nam a22002175a 4500 | ||
|---|---|---|---|
| 001 | EIQ.libpla003091 | ||
| 008 | 980916s1998####ctuaco###b####001#0#eng#d | ||
| 005 | 20071018155212.0 | ||
| 245 | 1 | 0 | |a Olive oil : |b from the tree to the table / |c Apostolos (Paul) K. Kiritsakis ; and contributions by Elizabeth B. Lenart, Walter C. Willet, and Ruben J. Hernandez. |
| 250 | |a 2nd ed. | ||
| 260 | |a Trumbull, Conn. : |b Food & Nutrition Press, |c c1998. | ||
| 300 | |a xiii, 348 p. : |b il., fotos, retrato ; |c 24 cm. | ||
| 504 | |a Incluye referencias bibliográficas e índice. | ||
| 020 | |a 0917678427 | ||
| 100 | 1 | |a Kiritsakis, Apostolos K. |q (Apostolos Konstantinoy) | |
| 082 | 0 | 0 | |a 664/.362 |2 21 |
| 650 | 4 | |a Aceite de oliva |x Producción. | |
| 650 | 4 | |a Olive oil |x Production. | |
| 010 | |a 97078391 | ||
| 040 | |c DLC |a DLC |d AR-BBSID | ||
| 859 | |a AR-BbSID |b BIB. PLAPIQUI |h 664.362 |i K 63 |p 5532 | ||
